Countries Most Similar To Guatemala - Statistics

General Stats
  • This quiz has been taken 56 times
  • The average score is 17 of 20
Answer Stats
Rank Country Score % Correct
1 Honduras 84.8
95%
9 Mexico 75.6
95%
6 Costa Rica 76.8
93%
8 Panama 76.2
93%
4 Colombia 78.3
89%
2 El Salvador 83.7
89%
3 Nicaragua 81.6
89%
11 Venezuela 72.7
89%
13 Belize 70.7
86%
15 Brazil 67.1
86%
18 Chile 64.5
86%
16 Cuba 66
86%
10 Peru 75.4
86%
20 Argentina 62.2
84%
12 Bolivia 70.8
82%
5 Dominican Republic 77.1
82%
14 Paraguay 69.5
82%
7 Ecuador 76.7
73%
17 Haiti 65.6
73%
19 Philippines 62.3
32%
No matching quizzes found
Score Distribution
Percent of People with Each Score
Percentile by Number Answered
Your Score History
You have not taken this quiz